| 000 | 00337nam a22001457a 4500 | ||
|---|---|---|---|
| 020 | _a81-291-0004-5 | ||
| 082 |
_a823 _bJAA/D |
||
| 100 | _aBHATTACHARYYA, ANIRUDH | ||
| 100 | _aSINHA, ADITYA | ||
| 245 | _aDISSECTING THE BODY POLITIC | ||
| 260 |
_aDELHI _bRUPA & CO |
||
| 300 | _a59 | ||
| 650 |
_aENGLISH SHORT STORY _zDELHI |
||
| 942 | _cBK | ||
| 999 |
_c2709 _d2709 |
||